=LDR 00000nam 2200000 4500 =001 INLIS000000000060635 =005 20220225090333 =035 ##$$a 0010-0222000189 =007 ta =008 220225###########################0#may## =082 ##$$a 920.195 45 =084 ##$$a 920.195 45 Moh p =245 1#$$a Pertabalan & Kemahkotaan : $b Duli yang Maha Mulia Sultan Selangor Ke-IX /$c Tuan Haji Muhammad Said Bin Haji Muhammad Razi =300 ##$$a 218 halaman : $b Ilustrasi ; $c 35 Cm. =650 #4$$a Silsilah-( Sultan Selangor Ke IX ) =264 ##$$a Selangor Malysia :$b Eagle Vision Of Commercial Art,$c 2005 =336 ##$$a teks$2 rdacontent =337 ##$$a lain-lain$2 rdamedia =338 ##$$a lain-lain$2 rdacarrier =990 ##$$a 07330733